|
|
|
|
| LEADER |
00619nam a22001931a 4500 |
| 020 |
|
|
|c 0.00
|
| 040 |
|
|
|a SSUS - Library - Kalady
|
| 082 |
|
|
|a 954
|b CHI/S
|
| 100 |
|
|
|a Chitnis K N
|
| 245 |
|
|
|a Socio economic history of medieval india
|h [Text]
|
| 260 |
|
|
|a New Delhi
|b Atlantic
|c 2002
|
| 300 |
|
|
|a 510p.
|
| 600 |
|
|
|a History
|
| 600 |
|
|
|a History India Medieval
|
| 600 |
|
|
|a History India
|
| 852 |
|
|
|h 954
|i CHI/S
|p 055223
|9 750.00
|t 0
|
| 942 |
|
|
|c BK
|
| 999 |
|
|
|c 42849
|d 42849
|
| 952 |
|
|
|0 0
|1 0
|4 0
|6 954_000000000000000_CHI_S
|7 0
|9 62062
|a SSUS
|b SSUS
|d 2015-01-08
|g 750.00
|l 6
|o 954 CHI/S
|p 055223
|r 2020-01-31
|s 2020-01-28
|v 0.00
|w 2015-01-08
|y BK
|